[Event "Cote d'Ivoire Rapid 2019"]
[Site "Abidjan CIV"]
[Date "2019.05.08"]
[Round "2"]
[White "Vachier Lagrave, M."]
[Black "Ding Liren"]
[Result "1/2-1/2"]
[WhiteElo "2780"]
[BlackElo "2805"]
[PlyCount "71"]
[EventDate "2019.05.08"]

1. Nf3 d5 2. g3 g6 3. Bg2 Bg7 4. d4 Nf6 5. O-O O-O 6. Nbd2 a5 7. b3 a4 8. Ba3
Re8 9. e3 Bf5 10. c4 c6 11. Qe2 Nbd7 12. Rfc1 e5 13. dxe5 Nxe5 14. Nxe5 Rxe5
15. Bb2 Re8 16. cxd5 cxd5 17. Nf3 Be4 18. bxa4 Rxa4 19. Qb5 Qa5 20. Qxa5 Rxa5
21. Rc7 Rb5 22. Bd4 Bxf3 23. Bxf3 Ne4 24. Rd1 Bxd4 25. Rxd4 Re6 26. Rc2 Ra5 27.
Bd1 Rc6 28. Rb2 Rc4 29. Rd3 Rc3 30. Rxc3 Nxc3 31. Bb3 b5 32. Kg2 b4 33. Rd2 Kg7
34. Rd4 Nxa2 35. Bxa2 Rxa2 36. Rxb4 1/2-1/2

[Event "Cote d'Ivoire Rapid 2019"]
[Site "Abidjan CIV"]
[Date "2019.05.08"]
[Round "2"]
[White "Nakamura, Hi"]
[Black "Karjakin, Sergey"]
[Result "1/2-1/2"]
[WhiteElo "2761"]
[BlackElo "2752"]
[PlyCount "205"]
[EventDate "2019.05.08"]

1. e4 e5 2. Nf3 Nc6 3. Bb5 Nf6 4. d3 Bc5 5. O-O Nd4 6. Be3 Nxf3+ 7. Qxf3 Bxe3
8. Qxe3 c6 9. Bc4 O-O 10. Bb3 d6 11. Nd2 a5 12. a4 Be6 13. Bxe6 fxe6 14. Qe2
Qc7 15. c3 Nd7 16. g3 h6 17. Kg2 Rf7 18. d4 exd4 19. cxd4 d5 20. Ra3 Qb6 21.
Qd3 Rd8 22. Rb3 Qc7 23. Qe2 Nb6 24. Ra1 Nd7 25. Rf3 Rdf8 26. Raa3 Qb6 27. exd5
exd5 28. Rxf7 Rxf7 29. Rb3 Qc7 30. Qe8+ Rf8 31. Qe6+ Rf7 32. Nf3 Nf8 33. Qe8
Kh7 34. Ne5 Rf6 35. h4 b6 36. Rf3 Rxf3 37. Kxf3 Qd6 38. Qxc6 Qb4 39. Qe8 Qxd4
40. Kg2 Qe4+ 41. f3 Qe2+ 42. Kh3 d4 43. Qb5 Qxb5 44. axb5 Ne6 45. Kg2 Nc7 46.
Nc4 Nxb5 47. Kf2 a4 48. Ke2 Kg6 49. Kd3 Kf7 50. Nxb6 a3 51. bxa3 Nxa3 52. Kxd4
Nb5+ 53. Ke5 Nc3 54. Nc4 Kg6 55. g4 Kh7 56. Nd2 Kg6 57. Ne4 Ne2 58. f4 Ng1 59.
h5+ Kh7 60. Nd2 Ne2 61. Nf3 Kg8 62. Nd4 Nc3 63. Nc6 Ne2 64. Ne7+ Kf7 65. Nf5
Kg8 66. Nd6 Kh7 67. Ne8 Kg8 68. Nc7 Kf7 69. Nb5 Kg8 70. Ke4 Kf8 71. Ke3 Nc1 72.
Nd4 Na2 73. Kd3 Nb4+ 74. Kc4 Na6 75. Nb5 Ke7 76. Nc3 Kf7 77. Nd5 Nb8 78. Kc5
Nd7+ 79. Kd6 Nf8 80. Nc7 Nh7 81. Nd5 Nf8 82. Ne3 Ne6 83. Ke5 Nf8 84. Nc4 Nd7+
85. Kf5 Nc5 86. Nd6+ Kg8 87. Ne4 Nd7 88. g5 hxg5 89. fxg5 Kh7 90. Ke6 Nb6 91.
Kf7 Nc4 92. Ke6 Ne3 93. Ng3 Nc4 94. Ne2 Kg8 95. Nd4 Ne3 96. Nf5 Ng2 97. Ne7+
Kh7 98. Nd5 Kg8 99. g6 Kf8 100. h6 Nh4 101. Ne7 gxh6 102. Nf5 Nxg6 103. Nxh6
1/2-1/2

[Event "Cote d'Ivoire Rapid 2019"]
[Site "Abidjan CIV"]
[Date "2019.05.08"]
[Round "2"]
[White "Wei Yi"]
[Black "Amin, B."]
[Result "1-0"]
[WhiteElo "2736"]
[BlackElo "2704"]
[PlyCount "69"]
[EventDate "2019.05.08"]

1. d4 Nf6 2. c4 e6 3. g3 Bb4+ 4. Nd2 c5 5. a3 Bxd2+ 6. Qxd2 cxd4 7. Nf3 b6 8.
b4 Bb7 9. Qxd4 Nc6 10. Qf4 d6 11. Bg2 e5 12. Qd2 Nd4 13. Nxd4 Bxg2 14. Rg1 Be4
15. Nb5 Ke7 16. g4 Bc6 17. Nc3 Qd7 18. g5 Ne4 19. Nd5+ Bxd5 20. Qxd5 Nc3 21.
Qd3 Na4 22. f4 Rac8 23. f5 g6 24. f6+ Kd8 25. Qb3 Qc6 26. Be3 Rc7 27. Rd1 Kc8
28. Rg4 Kb8 29. c5 Rd8 30. cxd6 Qc3+ 31. Qxc3 Rxc3 32. Re4 Rxa3 33. Rxe5 Nb2
34. Rc1 Rxd6 35. Bf4 1-0

[Event "Cote d'Ivoire Rapid 2019"]
[Site "Abidjan CIV"]
[Date "2019.05.08"]
[Round "2"]
[White "So, W."]
[Black "Topalov, V."]
[Result "1/2-1/2"]
[WhiteElo "2754"]
[BlackElo "2740"]
[PlyCount "89"]
[EventDate "2019.05.08"]

1. e4 e5 2. Nf3 Nc6 3. Bb5 Nf6 4. d3 Bc5 5. Bxc6 dxc6 6. Nbd2 Be6 7. O-O Nd7 8.
Nb3 Be7 9. d4 f6 10. Na5 Rb8 11. dxe5 fxe5 12. Ng5 Bxg5 13. Qh5+ Bf7 14. Qxg5
Qf6 15. Be3 O-O 16. Rad1 Qe6 17. f3 Rfe8 18. Rd2 h6 19. Qg3 Nf8 20. Nb3 b6 21.
Rfd1 c5 22. Nc1 Qf6 23. b3 a5 24. Ne2 Ne6 25. Qe1 Rbc8 26. Bf2 a4 27. Bh4 Qg6
28. c3 axb3 29. axb3 Nf8 30. b4 Qc6 31. Nc1 Ng6 32. Bg3 Ra8 33. Nd3 cxb4 34.
cxb4 Qb5 35. h4 Ra3 36. h5 Nf8 37. Nxe5 Rxe5 38. Bxe5 Qxe5 39. Rd8 Qg5 40. Qd2
Qg3 41. Qf2 Qe5 42. Qd4 Qg3 43. Qf2 Qe5 44. Qd4 Qg3 45. Qf2 1/2-1/2

[Event "Cote d'Ivoire Rapid 2019"]
[Site "Abidjan CIV"]
[Date "2019.05.08"]
[Round "3"]
[White "Carlsen, M."]
[Black "Nakamura, Hi"]
[Result "1/2-1/2"]
[WhiteElo "2861"]
[BlackElo "2761"]
[PlyCount "64"]
[EventDate "2019.05.08"]

1. c4 Nf6 2. Nc3 e6 3. e4 d5 4. e5 d4 5. exf6 dxc3 6. fxg7 cxd2+ 7. Bxd2 Bxg7
8. Qb3 Nc6 9. Nf3 Qe7 10. Bd3 O-O 11. O-O-O a5 12. a3 e5 13. Bc3 f5 14. c5+ Kh8
15. Bb5 Be6 16. Qc2 Qxc5 17. Bxc6 Qxc6 18. Nxe5 Qe4 19. Qd2 Ba2 20. Nd3 Qc4 21.
Rhe1 Rae8 22. Rxe8 Rxe8 23. Re1 Rxe1+ 24. Nxe1 Qc6 25. Nf3 Bxc3 26. bxc3 Bd5
27. Qd4+ Kg8 28. Nh4 Qe6 29. Kd2 b6 30. f3 Bc4 31. Nxf5 Qe2+ 32. Kc1 Qe1+
1/2-1/2

[Event "Cote d'Ivoire Rapid 2019"]
[Site "Abidjan CIV"]
[Date "2019.05.08"]
[Round "3"]
[White "Karjakin, Sergey"]
[Black "Vachier Lagrave, M."]
[Result "1/2-1/2"]
[WhiteElo "2752"]
[BlackElo "2780"]
[PlyCount "73"]
[EventDate "2019.05.08"]

1. e4 c5 2. Nf3 d6 3. d4 cxd4 4. Nxd4 Nf6 5. Nc3 a6 6. a4 g6 7. Be2 Bg7 8. O-O
O-O 9. Be3 Nc6 10. Qd2 Rb8 11. h3 Bd7 12. Rfd1 Rc8 13. Nxc6 Bxc6 14. f3 Nh5 15.
a5 Ng3 16. Bd3 f5 17. Qe1 f4 18. Bc4+ Kh8 19. Bb6 Qd7 20. Bb3 g5 21. Bd4 Bxd4+
22. Rxd4 e5 23. Rd3 h5 24. Rad1 Rf6 25. Ne2 Nxe2+ 26. Qxe2 Bb5 27. c4 Bxc4 28.
Bxc4 Rxc4 29. Rd5 Qc7 30. Rxd6 Rxd6 31. Rxd6 Rc1+ 32. Rd1 Rxd1+ 33. Qxd1 Qxa5
34. Qd6 Qe1+ 35. Kh2 Qg3+ 36. Kg1 Qe1+ 37. Kh2 1/2-1/2

[Event "Cote d'Ivoire Rapid 2019"]
[Site "Abidjan CIV"]
[Date "2019.05.08"]
[Round "3"]
[White "Topalov, V."]
[Black "Nepomniachtchi, I."]
[Result "1/2-1/2"]
[WhiteElo "2740"]
[BlackElo "2773"]
[PlyCount "83"]
[EventDate "2019.05.08"]

1. e4 e5 2. Nf3 Nc6 3. Bc4 Nf6 4. d3 Be7 5. O-O O-O 6. Nc3 d6 7. a4 Be6 8. Ng5
Bxc4 9. dxc4 a5 10. Be3 Nb4 11. Qe2 Nd7 12. Nh3 c6 13. Rad1 Qc7 14. Rd2 Nc5 15.
f4 exf4 16. Nxf4 Rae8 17. Qg4 Qc8 18. Qg3 Ne6 19. Nh5 Kh8 20. Nd5 cxd5 21. cxd5
g6 22. dxe6 fxe6 23. Rxf8+ Rxf8 24. Bd4+ Kg8 25. e5 Nxc2 26. Bf2 dxe5 27. h3
Rf5 28. Qd3 Nb4 29. Qd7 Qxd7 30. Rxd7 Nd5 31. Ng3 Rf4 32. Rxb7 Rxa4 33. b3 Ra1+
34. Kh2 Rb1 35. Ba7 Bb4 36. Ne4 Rxb3 37. Ng5 Nf4 38. Bc5 Rc3 39. Rb8+ Kg7 40.
Rb7+ Kg8 41. Rb8+ Kg7 42. Rb7+ 1/2-1/2

[Event "Cote d'Ivoire Rapid 2019"]
[Site "Abidjan CIV"]
[Date "2019.05.09"]
[Round "4"]
[White "Vachier Lagrave, M."]
[Black "Wei Yi"]
[Result "1-0"]
[WhiteElo "2780"]
[BlackElo "2736"]
[PlyCount "85"]
[EventDate "2019.05.08"]

1. e4 e5 2. Nf3 Nf6 3. Nxe5 d6 4. Nf3 Nxe4 5. Nc3 Nxc3 6. dxc3 Be7 7. Be3 O-O
8. Qd2 Nd7 9. O-O-O Nf6 10. Bd3 d5 11. Rhe1 Bg4 12. h3 Bxf3 13. gxf3 Re8 14. f4
c5 15. Kb1 Qa5 16. f5 Rad8 17. Rg1 Kh8 18. c4 Qxd2 19. Bxd2 d4 20. c3 dxc3 21.
Bxc3 Bd6 22. Rge1 Rxe1 23. Rxe1 Re8 24. Rxe8+ Nxe8 25. Be4 b6 26. Bc6 Nf6 27.
Kc2 Kg8 28. Kb3 Kf8 29. Ka4 Ke7 30. Kb5 Kd8 31. Ka6 Kc7 32. Bd5 Kb8 33. Bxf7
Ne4 34. Bxg7 Nxf2 35. h4 Nd3 36. a3 Be5 37. Bf8 Nxb2 38. Be6 Kc7 39. Be7 Nd3
40. f6 Bd6 41. Kxa7 Ne5 42. Bxd6+ Kxd6 43. f7 1-0

[Event "Cote d'Ivoire Rapid 2019"]
[Site "Abidjan CIV"]
[Date "2019.05.09"]
[Round "4"]
[White "Karjakin, Sergey"]
[Black "Carlsen, M."]
[Result "0-1"]
[WhiteElo "2752"]
[BlackElo "2861"]
[PlyCount "70"]
[EventDate "2019.05.08"]

1. e4 c5 2. Nf3 Nc6 3. Nc3 e5 4. Bc4 Be7 5. d3 d6 6. Nd2 Nf6 7. Nf1 Nd7 8. a3
Nb6 9. Ba2 O-O 10. Ne3 Be6 11. Ncd5 Bg5 12. O-O Bxe3 13. fxe3 Ne7 14. c4 f5 15.
Bd2 Bxd5 16. exd5 Nd7 17. b4 b6 18. Bb3 Ng6 19. Ba4 Qe7 20. Bc6 Rad8 21. Qa4
Nf6 22. bxc5 bxc5 23. Rxf5 e4 24. Qc2 Ng4 25. Raf1 Rxf5 26. Rxf5 Qh4 27. h3
Nxe3 28. Bxe3 Qe1+ 29. Kh2 Qxe3 30. dxe4 Nf4 31. Qb2 Qxe4 32. Bd7 g6 33. Rf6
Nd3 34. Qc3 Rxd7 35. Re6 Qf4+ 0-1

[Event "Cote d'Ivoire Rapid 2019"]
[Site "Abidjan CIV"]
[Date "2019.05.09"]
[Round "4"]
[White "So, W."]
[Black "Ding Liren"]
[Result "1/2-1/2"]
[WhiteElo "2754"]
[BlackElo "2805"]
[PlyCount "74"]
[EventDate "2019.05.08"]

1. e4 e5 2. Nf3 Nc6 3. Bb5 a6 4. Ba4 Nf6 5. O-O Be7 6. Re1 b5 7. Bb3 O-O 8. d3
d6 9. Bd2 Bg4 10. c3 Na5 11. Bc2 c5 12. h3 Bd7 13. Bg5 h6 14. Bh4 Nc6 15. Nbd2
Be6 16. d4 cxd4 17. cxd4 exd4 18. Nb3 Nh5 19. Bxe7 Qxe7 20. Nbxd4 Nxd4 21. Nxd4
Nf4 22. Qf3 Qg5 23. Nf5 Bxf5 24. exf5 Rac8 25. Bb3 Qxf5 26. Re7 d5 27. Rae1 Qf6
28. h4 Rc6 29. R7e3 Rd8 30. g3 Ne6 31. Bxd5 Qxf3 32. Bxf3 Rc2 33. R1e2 Rxe2 34.
Rxe2 Nd4 35. Re3 Nxf3+ 36. Rxf3 Rd2 37. Ra3 Rxb2 1/2-1/2

[Event "Cote d'Ivoire Rapid 2019"]
[Site "Abidjan CIV"]
[Date "2019.05.09"]
[Round "4"]
[White "Nepomniachtchi, I."]
[Black "Amin, B."]
[Result "1-0"]
[WhiteElo "2773"]
[BlackElo "2704"]
[PlyCount "63"]
[EventDate "2019.05.08"]

1. e4 e5 2. Nf3 Nc6 3. Bb5 a6 4. Ba4 Nf6 5. O-O Be7 6. d3 d6 7. c3 O-O 8. Re1
Re8 9. h3 b5 10. Bc2 Bf8 11. Bg5 h6 12. Bh4 Bb7 13. Nbd2 g6 14. Nf1 Bg7 15. Ne3
Qd7 16. a4 Nd8 17. Nh2 h5 18. Qf3 Nh7 19. Nhf1 Ne6 20. Nd5 Bxd5 21. exd5 Nc5
22. axb5 axb5 23. Rxa8 Rxa8 24. d4 Na4 25. dxe5 dxe5 26. d6 Rc8 27. dxc7 Qxc7
28. Ne3 Kh8 29. Nd5 Qb7 30. Be4 f5 31. Ne7 fxe4 32. Qf7 1-0

[Event "Cote d'Ivoire Rapid 2019"]
[Site "Abidjan CIV"]
[Date "2019.05.09"]
[Round "5"]
[White "Carlsen, M."]
[Black "Vachier Lagrave, M."]
[Result "1-0"]
[WhiteElo "2861"]
[BlackElo "2780"]
[PlyCount "83"]
[EventDate "2019.05.08"]

1. e4 c5 2. Nf3 d6 3. d4 cxd4 4. Nxd4 Nf6 5. Nc3 a6 6. Be3 Ng4 7. Bg5 h6 8. Bh4
g5 9. Bg3 Bg7 10. Qd2 Nc6 11. Nb3 Be6 12. h4 gxh4 13. Bxh4 b5 14. f4 b4 15. Na4
Qc7 16. O-O-O Rb8 17. Kb1 Na5 18. Nxa5 Qxa5 19. b3 Qc7 20. Be2 h5 21. f5 Bd7
22. Bxg4 hxg4 23. Qg5 Bf6 24. Qxg4 Bxa4 25. Bxf6 Rxh1 26. Rxh1 exf6 27. bxa4
Ke7 28. Qf3 Rc8 29. Qd3 a5 30. Rd1 Rg8 31. Qe2 Rg3 32. Qf2 Ra3 33. g4 Rxa4 34.
g5 fxg5 35. f6+ Ke8 36. Qe2 b3 37. axb3 Rb4 38. e5 dxe5 39. Rd5 Kf8 40. Qh5 Rh4
41. Qxg5 Rh7 42. Qd2 1-0

[Event "Cote d'Ivoire Rapid 2019"]
[Site "Abidjan CIV"]
[Date "2019.05.09"]
[Round "5"]
[White "Amin, B."]
[Black "Nakamura, Hi"]
[Result "1-0"]
[WhiteElo "2704"]
[BlackElo "2761"]
[PlyCount "169"]
[EventDate "2019.05.08"]

1. e4 c5 2. Nf3 e6 3. d3 Nc6 4. g3 g6 5. Bg2 Bg7 6. O-O d6 7. c3 Nf6 8. Re1 O-O
9. d4 e5 10. dxc5 dxc5 11. Qxd8 Rxd8 12. Na3 Ne8 13. Bf1 f6 14. Bc4+ Kf8 15.
Be3 b6 16. Bd5 Bd7 17. Nb5 Rab8 18. a4 a6 19. Na3 Ne7 20. Bb3 Nc6 21. Nd2 Nc7
22. f4 Bh6 23. Kg2 Na5 24. Bc2 Bc6 25. b4 Nb7 26. Ndc4 exf4 27. gxf4 b5 28.
axb5 axb5 29. Nb6 cxb4 30. cxb4 Nd6 31. Kg3 Bxe4 32. Bc5 Bxc2 33. Nxc2 Kg8 34.
Nd4 Nc4 35. Nxc4 bxc4 36. Nc6 Rd3+ 37. Kf2 Rb7 38. f5 c3 39. Re2 Bf8 40. Bxf8
Kxf8 41. fxg6 hxg6 42. Ra5 Rb6 43. Rc5 Ne8 44. Ne7 Kf7 45. Nd5 Rb7 46. b5 Nd6
47. Nxc3 g5 48. Kg2 Kg6 49. Rb2 Nf5 50. Ne4 Ne3+ 51. Kg1 Re7 52. Nf2 Ra3 53.
Rc1 Rb7 54. h3 Ra5 55. Rc5 Nf5 56. Ne4 Nd4 57. Nd6 Rd7 58. Nc4 Ra1+ 59. Kf2 Rh7
60. b6 Ra8 61. b7 Rb8 62. Nd6 Rxh3 63. Rb4 Rh2+ 64. Kf1 Rh1+ 65. Kg2 Rd1 66.
Rc8 Rd2+ 67. Kf1 Nf3 68. Rb3 Rxb7 69. Nxb7 g4 70. Nc5 Rc2 71. Rd3 Kf5 72. Nb7
Rb2 73. Nd6+ Ke6 74. Re8+ Kd7 75. Re2 Rb1+ 76. Kf2 Ne5 77. Rdd2 Kc6 78. Ne4 Rb3
79. Rd6+ Kb5 80. Rxf6 Nd3+ 81. Kg2 Ra3 82. Rf5+ Kc4 83. Nf2 Nb4 84. Re4+ Kc3
85. Re3+ 1-0

[Event "Cote d'Ivoire Rapid 2019"]
[Site "Abidjan CIV"]
[Date "2019.05.09"]
[Round "5"]
[White "Wei Yi"]
[Black "So, W."]
[Result "1/2-1/2"]
[WhiteElo "2736"]
[BlackElo "2754"]
[PlyCount "116"]
[EventDate "2019.05.08"]

1. d4 Nf6 2. c4 e6 3. g3 d5 4. Bg2 dxc4 5. Nf3 c5 6. O-O Nc6 7. dxc5 Qxd1 8.
Rxd1 Bxc5 9. Nbd2 c3 10. bxc3 O-O 11. Nb3 Be7 12. Nfd4 Nxd4 13. cxd4 Nd5 14.
Bb2 f5 15. Na5 b6 16. Nc6 Bd6 17. Rac1 Ba6 18. Re1 Bb7 19. e4 fxe4 20. Rxe4 Kf7
21. Bh3 Rfe8 22. Ne5+ Bxe5 23. Rxe5 Rad8 24. Ba3 Nf6 25. Rc7+ Rd7 26. Rxd7+
Nxd7 27. Re1 Nf6 28. Rc1 Rc8 29. Rxc8 Bxc8 30. Bf1 Bb7 31. Bb2 Bd5 32. a3 Ne4
33. Be2 Nd2 34. Bc3 Ne4 35. Bb2 Nd6 36. f3 Bc4 37. Bd1 g6 38. Kf2 Ke7 39. Bc2
Bd5 40. Bd3 a5 41. h4 Bc4 42. Bc2 Bd5 43. g4 Nc4 44. Bc1 b5 45. h5 Kf7 46.
hxg6+ hxg6 47. Bd3 b4 48. axb4 axb4 49. Bxc4 Bxc4 50. f4 Kf6 51. g5+ Kf5 52.
Ke3 b3 53. Kd2 Ke4 54. Kc3 Bd5 55. Bd2 Kf3 56. Bc1 Ke2 57. Ba3 Ke3 58. Bd6 Ke2
1/2-1/2

[Event "Cote d'Ivoire Rapid 2019"]
[Site "Abidjan CIV"]
[Date "2019.05.09"]
[Round "5"]
[White "Topalov, V."]
[Black "Karjakin, Sergey"]
[Result "1/2-1/2"]
[WhiteElo "2740"]
[BlackElo "2752"]
[PlyCount "59"]
[EventDate "2019.05.08"]

1. d4 Nf6 2. c4 e6 3. Nf3 d5 4. Nc3 Bb4 5. cxd5 exd5 6. Bg5 h6 7. Bh4 O-O 8. e3
Bf5 9. Qb3 Bxc3+ 10. Qxc3 Nbd7 11. Bd3 Bxd3 12. Qxd3 c6 13. O-O a5 14. Rac1 Re8
15. Rc2 Qb6 16. Nd2 Ne4 17. f3 Nxd2 18. Qxd2 a4 19. Rb1 Qa6 20. h3 Nb6 21. Qc3
Nc4 22. e4 Qa5 23. Qd3 Qb6 24. Bf2 Ra5 25. Re2 Rb5 26. Qc3 Qa5 27. Qc2 Qb6 28.
Qc3 Qa5 29. Qc2 Qb6 30. Qc3 1/2-1/2

[Event "Cote d'Ivoire Rapid 2019"]
[Site "Abidjan CIV"]
[Date "2019.05.09"]
[Round "6"]
[White "Nakamura, Hi"]
[Black "Ding Liren"]
[Result "1-0"]
[WhiteElo "2761"]
[BlackElo "2805"]
[PlyCount "75"]
[EventDate "2019.05.08"]

1. e4 e5 2. Nf3 Nc6 3. Bb5 a6 4. Ba4 Nf6 5. O-O Be7 6. Re1 b5 7. Bb3 O-O 8. a4
b4 9. d4 d6 10. dxe5 Nxe5 11. Nbd2 Nfd7 12. Nd4 Nc5 13. Bd5 Rb8 14. Nc4 Bg4 15.
Qd2 Nxc4 16. Bxc4 Bd7 17. b3 Bf6 18. Bb2 c6 19. Rad1 Qb6 20. Ba1 a5 21. Nf3
Bxa1 22. Rxa1 Rbd8 23. Rad1 Be6 24. Bf1 d5 25. exd5 Bxd5 26. Qe3 Nd7 27. Nd4
Nf6 28. Qf4 Be4 29. Rxe4 Nxe4 30. Qxe4 Rfe8 31. Nxc6 Rxe4 32. Rxd8+ Qxd8 33.
Nxd8 Re1 34. Nc6 Rc1 35. Nxa5 Rxc2 36. g3 Kf8 37. Bc4 Ke8 38. Nb7 1-0

[Event "Cote d'Ivoire Rapid 2019"]
[Site "Abidjan CIV"]
[Date "2019.05.09"]
[Round "6"]
[White "Carlsen, M."]
[Black "Topalov, V."]
[Result "1/2-1/2"]
[WhiteElo "2861"]
[BlackElo "2740"]
[PlyCount "81"]
[EventDate "2019.05.08"]

1. e4 e5 2. Nf3 Nc6 3. Nc3 Nf6 4. d4 exd4 5. Nxd4 Bb4 6. Nxc6 bxc6 7. Bd3 O-O
8. O-O d5 9. exd5 cxd5 10. Bg5 c6 11. Qf3 h6 12. Bf4 g5 13. Be5 Ng4 14. Bd4 Qd6
15. Qg3 Qxg3 16. hxg3 f6 17. Na4 Re8 18. f4 Kf7 19. Nc5 a5 20. Rf3 Bxc5 21.
Bxc5 Ba6 22. Bf5 Bc8 23. Bd3 Ba6 24. Bf5 Bc8 25. Bxg4 Bxg4 26. Rf2 a4 27. Raf1
f5 28. Rd2 Re4 29. b3 Kg6 30. Bd4 Be2 31. Rc1 gxf4 32. gxf4 Rxf4 33. Rxe2 Rxd4
34. Re6+ Kg5 35. Rxc6 axb3 36. axb3 Rd2 37. Rf1 Ra2 38. Rf2 Ra1+ 39. Rf1 Ra2
40. Rf2 Ra1+ 41. Rf1 1/2-1/2

[Event "Cote d'Ivoire Rapid 2019"]
[Site "Abidjan CIV"]
[Date "2019.05.09"]
[Round "6"]
[White "Vachier Lagrave, M."]
[Black "So, W."]
[Result "1/2-1/2"]
[WhiteElo "2780"]
[BlackElo "2754"]
[PlyCount "69"]
[EventDate "2019.05.08"]

1. e4 e5 2. Nf3 Nc6 3. Bb5 Nf6 4. d3 Bc5 5. c3 O-O 6. O-O d6 7. Nbd2 Ne7 8. d4
exd4 9. cxd4 Bb6 10. Re1 Bg4 11. Qb3 d5 12. e5 Nd7 13. h3 Bh5 14. Qd1 f6 15. e6
Nb8 16. g4 Bg6 17. Nf1 Qd6 18. Ng3 Nbc6 19. Bxc6 bxc6 20. a4 Ba5 21. Bd2 Bxd2
22. Qxd2 Rab8 23. Rac1 Qb4 24. Qxb4 Rxb4 25. Nh4 Rxa4 26. Ngf5 Bxf5 27. Nxf5
Re8 28. Nxe7+ Rxe7 29. Rxc6 Rxd4 30. Ra1 Re4 31. Rxa7 R4xe6 32. Rxe6 Rxe6 33.
Rxc7 Rb6 34. Rd7 Rxb2 35. Rxd5 1/2-1/2

[Event "Cote d'Ivoire Rapid 2019"]
[Site "Abidjan CIV"]
[Date "2019.05.09"]
[Round "6"]
[White "Nepomniachtchi, I."]
[Black "Wei Yi"]
[Result "1/2-1/2"]
[WhiteElo "2773"]
[BlackElo "2736"]
[PlyCount "88"]
[EventDate "2019.05.08"]

1. e4 e5 2. Nf3 Nf6 3. Nxe5 d6 4. Nd3 Nxe4 5. Qe2 Qe7 6. Nf4 Nc6 7. c3 Nf6 8.
h4 h5 9. d4 g6 10. Na3 a6 11. Nc4 Bg7 12. f3 O-O 13. Qxe7 Nxe7 14. Kf2 b5 15.
Ne3 c5 16. dxc5 dxc5 17. a4 Bd7 18. Bd2 Rfd8 19. Be2 Bc6 20. Rhd1 c4 21. Be1
Bh6 22. g3 Bxf4 23. gxf4 Nfd5 24. axb5 axb5 25. Rxa8 Rxa8 26. Nxd5 Nxd5 27. f5
gxf5 28. Bd2 f4 29. Rg1+ Kh8 30. Rb1 Ra2 31. Bd1 Bd7 32. Bc2 b4 33. cxb4 c3 34.
Be1 Bb5 35. Kg1 cxb2 36. Kf2 Bc4 37. b5 Kg8 38. Be4 Nb6 39. Bc3 Na4 40. b6 Nxb6
41. Rxb2 Rxb2+ 42. Bxb2 Bd5 43. Bd3 Bc4 44. Be4 Bd5 1/2-1/2

[Event "Cote d'Ivoire Rapid 2019"]
[Site "Abidjan CIV"]
[Date "2019.05.10"]
[Round "7"]
[White "Amin, B."]
[Black "Carlsen, M."]
[Result "0-1"]
[WhiteElo "2704"]
[BlackElo "2861"]
[PlyCount "64"]
[EventDate "2019.05.08"]

1. e4 c5 2. Nf3 Nc6 3. Bb5 g6 4. Bxc6 dxc6 5. d3 Bg7 6. h3 e5 7. Be3 b6 8. a3
f5 9. b4 cxb4 10. axb4 Nh6 11. Na3 Nf7 12. Qc1 O-O 13. Ng5 Nd6 14. Bd2 h6 15.
Nf3 fxe4 16. dxe4 Kh7 17. Be3 Nxe4 18. Nc4 Be6 19. Ncxe5 Qd6 20. Nd3 Bc3+ 21.
Ke2 Bxa1 22. Qxa1 a5 23. Qe5 Qxe5 24. Nfxe5 axb4 25. Nxc6 b3 26. Rc1 Bc4 27.
Bd4 Rae8 28. Nce5 Nxf2 29. Kd2 Ne4+ 30. Ke3 Nc5 31. Kd2 Bxd3 32. cxd3 b2 0-1

[Event "Cote d'Ivoire Rapid 2019"]
[Site "Abidjan CIV"]
[Date "2019.05.10"]
[Round "7"]
[White "Topalov, V."]
[Black "Vachier Lagrave, M."]
[Result "0-1"]
[WhiteElo "2740"]
[BlackElo "2780"]
[PlyCount "58"]
[EventDate "2019.05.08"]

1. e4 c5 2. Nf3 d6 3. d4 cxd4 4. Nxd4 Nf6 5. Nc3 a6 6. Be3 Ng4 7. Bg5 h6 8. Bh4
g5 9. Bg3 Bg7 10. h3 Ne5 11. f3 Nbc6 12. Bf2 Nxd4 13. Bxd4 Be6 14. Qd2 Qa5 15.
a3 Rc8 16. Qf2 Rc6 17. h4 O-O 18. hxg5 hxg5 19. Be2 Rfc8 20. Rh5 Ng6 21. Bxg7
Kxg7 22. Qd4+ f6 23. g3 Bc4 24. f4 e5 25. fxe5 Nxe5 26. Rd1 Bxe2 27. Kxe2 Rxc3
28. bxc3 Rxc3 29. Rd2 Qb5+ 0-1

[Event "Cote d'Ivoire Rapid 2019"]
[Site "Abidjan CIV"]
[Date "2019.05.10"]
[Round "7"]
[White "Wei Yi"]
[Black "Nakamura, Hi"]
[Result "1/2-1/2"]
[WhiteElo "2736"]
[BlackElo "2761"]
[PlyCount "81"]
[EventDate "2019.05.08"]

1. Nf3 d5 2. e3 Nf6 3. c4 e6 4. Nc3 Be7 5. b3 dxc4 6. bxc4 c5 7. g3 b6 8. Bg2
Bb7 9. O-O O-O 10. Bb2 Nc6 11. Qe2 Qd7 12. Rad1 Rad8 13. d4 cxd4 14. exd4 Na5
15. d5 Qc8 16. Ne5 exd5 17. Nxd5 Nxd5 18. Bxd5 Bxd5 19. cxd5 Bf6 20. f4 Rfe8
21. Qh5 Qb7 22. d6 Re6 23. Rfe1 g6 24. Qh3 Rexd6 25. Rxd6 Rxd6 26. Ng4 Be7 27.
Qh6 f6 28. Bxf6 Bf8 29. Re8 Rd1+ 30. Kf2 Rd2+ 31. Ke1 Rd1+ 32. Ke2 Rd2+ 33. Ke1
Rd1+ 34. Kxd1 Qd7+ 35. Bd4 Qxd4+ 36. Ke1 Qc3+ 37. Kf2 Qc2+ 38. Kf1 Qc1+ 39. Kf2
Qc2+ 40. Kf1 Qc1+ 41. Kf2 1/2-1/2

[Event "Cote d'Ivoire Rapid 2019"]
[Site "Abidjan CIV"]
[Date "2019.05.10"]
[Round "7"]
[White "So, W."]
[Black "Nepomniachtchi, I."]
[Result "1-0"]
[WhiteElo "2754"]
[BlackElo "2773"]
[PlyCount "69"]
[EventDate "2019.05.08"]

1. e4 e5 2. Nf3 Nc6 3. Bc4 Nf6 4. d3 Be7 5. O-O O-O 6. h3 d6 7. a4 a5 8. Re1
Be6 9. Nbd2 Qc8 10. c3 h6 11. b3 Re8 12. Bxe6 Qxe6 13. Nc4 Bf8 14. Ba3 Rad8 15.
Qc2 g6 16. Rad1 Bg7 17. b4 axb4 18. cxb4 Ra8 19. b5 Na5 20. Nxa5 Rxa5 21. Qxc7
Rxa4 22. Bxd6 Nd7 23. Ra1 Rea8 24. Rxa4 Rxa4 25. b6 Kh7 26. Bc5 Nxc5 27. Qxc5
Ra6 28. Rb1 Qa2 29. Qb5 Ra3 30. Rc1 Qe2 31. Qd5 Ra2 32. Rf1 Rb2 33. Qxf7 Qxd3
34. Nxe5 Qxe4 35. Nd7 1-0

[Event "Cote d'Ivoire Rapid 2019"]
[Site "Abidjan CIV"]
[Date "2019.05.10"]
[Round "8"]
[White "Nakamura, Hi"]
[Black "So, W."]
[Result "1/2-1/2"]
[WhiteElo "2761"]
[BlackElo "2754"]
[PlyCount "117"]
[EventDate "2019.05.08"]

1. e4 e5 2. Nf3 Nc6 3. Bb5 Nf6 4. d3 Bc5 5. O-O Nd4 6. Be3 Nxf3+ 7. Qxf3 Bxe3
8. Qxe3 O-O 9. d4 d6 10. Be2 c6 11. dxe5 dxe5 12. Nd2 Be6 13. a4 Qb6 14. Qxb6
axb6 15. Rfd1 Rfd8 16. b3 Kf8 17. Rac1 Ke7 18. f3 Ne8 19. Kf2 Nc7 20. Nf1 g6
21. Ne3 Rxd1 22. Rxd1 Ne8 23. g3 Nd6 24. Bd3 Rf8 25. Re1 f5 26. exf5 gxf5 27.
f4 exf4 28. gxf4 Kf6 29. Rg1 Bf7 30. Nf1 Re8 31. Ng3 c5 32. Rd1 h6 33. Be2 Rd8
34. Bf3 Be8 35. Rd5 Bf7 36. Rd1 Be8 37. h4 Bc6 38. Bxc6 bxc6 39. Kf3 Nb7 40.
Rxd8 Nxd8 41. Nf1 Nb7 42. Ne3 Na5 43. h5 Ke6 44. Ke2 b5 45. Kd3 Nb7 46. Kc3 Kf6
47. Kb2 Ke6 48. Ka3 Kf6 49. Ka2 Ke6 50. Kb2 Kf6 51. Kc1 Ke6 52. Kd2 Kf6 53. Nd1
Ke6 54. Nc3 Nd6 55. Kd3 Kd7 56. Ke3 Kc7 57. Kd3 Kd7 58. Ke3 Kc7 59. Kd3 1/2-1/2

[Event "Cote d'Ivoire Rapid 2019"]
[Site "Abidjan CIV"]
[Date "2019.05.10"]
[Round "8"]
[White "Carlsen, M."]
[Black "Ding Liren"]
[Result "1/2-1/2"]
[WhiteElo "2861"]
[BlackElo "2805"]
[PlyCount "98"]
[EventDate "2019.05.08"]

1. d4 Nf6 2. c4 e6 3. Nf3 d5 4. Nc3 c5 5. cxd5 Nxd5 6. e4 Nxc3 7. bxc3 cxd4 8.
cxd4 Bb4+ 9. Bd2 Bxd2+ 10. Qxd2 O-O 11. Bd3 Nc6 12. Bc2 Qa5 13. Qxa5 Nxa5 14.
Bd3 Bd7 15. Ke2 Rac8 16. Rhc1 Rxc1 17. Rxc1 Rc8 18. Rxc8+ Bxc8 19. Kd2 Kf8 20.
Kc3 Bd7 21. Ne5 Be8 22. f4 Ke7 23. Ng4 Nc6 24. Ne3 f6 25. d5 Nd8 26. e5 fxe5
27. fxe5 exd5 28. Nxd5+ Kf8 29. Nc7 Bf7 30. a3 Ke7 31. Be4 Bg6 32. Bf3 Kd7 33.
Nb5 Nc6 34. Bd5 a6 35. Nd4 Nxd4 36. Kxd4 b6 37. Bc4 a5 38. Bb5+ Ke6 39. Bc6 Bh5
40. h4 h6 41. g3 Bd1 42. Bd5+ Ke7 43. Bc4 Ba4 44. Kd5 b5 45. Bd3 b4 46. axb4
axb4 47. Kc4 Ke6 48. Kxb4 Be8 49. Kc3 Kxe5 1/2-1/2